000 01861cam a22003011 4500
001 e 34000636
003 DLC
005 20260227111225.0
008 850917s1934 dcu f000 0 eng c
010 _ae 34000636
035 _a(OCoLC)12563559
040 _aU.S. Office of Education. Library
_cNBuC
_dDLC
050 0 0 _aLC1045
_b.A25 no. 172
110 2 _aAmerican Vocational Association.
_bCommittee on Trade and Industrial Teacher Training.
245 1 0 _aVocational teacher training in the industrial field;
_bfour reports to the Committee on Trade and Industrial Teacher Training of the American Vocational Association, Inc. 1934.
_cUnited States Department of the Interior, Harold L. Ickes, Secretary. Office of Education, George F. Zook, Commissioner.
260 _aWashington,
_bU.S. Govt. Print. Off.,
_c1934.
300 _av, 32 p.
_c23 cm.
490 0 _aUnited States. Office of Education. [Vocational Division] Vocational education bulletin
_vno. 172.
_aTrade and industrial series,
_vno. 50
500 _aBound with Vocational education bulletin no. 173-no. 180 subsequent to publication.
505 0 _aUpgrading vocational teachers in service, by G.D. Whitney.--Methods being used in selecting persons to be trained as vocational instructors, by J.G. Spofford.--Procedures to be followed in giving attention to the needs of individual students in teacher-training courses, by G.E. Myers.--A comparative study of the bases and methods for certification of vocational teachers. (Limited to the trade and industrial field) By B.W. Johnson.
650 0 _aTeachers
_xTraining of.
650 0 _aManual training.
650 0 _aTechnical education.
700 1 _aWhitney, Gerald DeForrest,
_d1884-
700 1 _aSpofford, Judson Gould,
_d1883-
700 1 _aMyers, George E.
_q(George Edmund),
_d1871-
700 1 _aJohnson, Benjamin Wiley,
_d1869-
999 _c21410
_d21410